000 00401nam a2200157Ia 4500
008 230718s9999 xx 000 0 und d
041 _aeng
082 _a600
_bKUL
100 _aKulkarni A.D.
245 _aApplied Science - II
260 _c2004
_bTech Max Publications
300 _a472
365 _cRs.
_b225.00
700 _aKulkarni A.D.,Shukla S.N. & Walekar V.K.
906 _cALLIED
_b33.75
999 _c306853
_d306853